000 00899nam a2200265 a 4500
999 _c2290
_d2290
001 019250553
003 UkOxU
005 20230410145447.0
008 080225r20081976enka j 000 1 eng d
015 _aGBA825530
_2bnb
020 _a9781405235761 (pbk.) :
035 _a(Uk)014537357
040 _aStDuBDS
_beng
_cStDuBDS
_dUkOxU
_dKH8
082 0 4 _a823.914 HAR
_222
100 1 _aHargreaves, Roger,
_d1935-1988.
_eauthor
245 1 0 _aMr. Forgetful /
_cby Roger Hargreaves.
260 _aLondon :
_bEgmont,
_c[2008]
300 _a[36] p. :
_bchiefly col. ill. ;
_c13 x 14 cm.
490 1 _aMy Mr. Men library ;
_v14
500 _aOriginally published: London: Thurman, 1976.
650 0 _aMr. Men (Fictitious characters)
_vPictorial works
_vJuvenile fiction.
655 7 _aChildren's stories
_vPictorial works.
_2gsafd
830 0 _aMy Mr. Men library (Egmont (Firm)) ;
_v14.
942 _2ddc
_cBK